Controle da Atividade Normativa das Agn̊cias Reguladoras

Bibliographic Details
Main Author: Diniz Araujo, Luiz Eduardo
Format: eBook
Language:Portuguese
Published: Rio de Janeiro: Synergia Editora, 2013
Subjects:
Online Access:Acceso restringido

MARC

LEADER 00000nam a22000007a 4500
005 20190819182016.0
007 cr|||| ||||
008 190819s2013 br |||||s|||| 00||0 por d
020 |a 978-85-61325-90-9 
035 |a 24128 
040 |a vLex 
090 |c 9242  |d 9242 
100 1 |a Diniz Araujo, Luiz Eduardo 
245 1 0 |a Controle da Atividade Normativa das Agn̊cias Reguladoras  |h [Recurso electrn̤ico] /  |c Luiz Eduardo Diniz Araujo 
256 |a Servicio en ln̕ea 
260 |a Rio de Janeiro:  |b Synergia Editora,  |c 2013 
300 |a 1 recurso electrn̤ico 
500 |a A introduȯ̂ das agn̊cias reguladoras no Brasil foi acompanhada por vozes entusiastas quanto ̉sua capacidade de ordenaȯ̂ da economia e a blindagem em relaȯ̂ a interfern̊cias polt̕icas, assim como fortes argumentos quanto ̉suposta inconstitucionalidade de sua criaȯ̂ e de seu exercc̕io de poderes. No entanto, pouco se falou sobre os controles a serem exercitados sobre tais entes, notadamente sobre o controle de sua atividade normativa. A anl̀ise parte da percepȯ̂ de que, com o advento do modelo de Estado regulador, houve incremento considerv̀el na ediȯ̂ de normas pelo Estado brasileiro, e, no mesmo passo, delegaȯ̂ da atividade normativa pelo Congresso Nacional s̉ agn̊cias reguladoras. Os mecanismos de controle dessa atividade normativa, porm̌, ainda nô foram atualizados para a realidade do Estado regulador e ainda se encontram atreladas ao gasto direto de recursos pb︢licos, tp̕icas do modelo de Estado social. O presente livro pretende demonstrar que esse incremento na ediȯ̂ de normas para regular a economia exige formas de responsabilizaȯ̂ e controle, bem como quais sô as mais reputadas como mais adequadas. O autor busca explicar o objeto do estudo apresentando os mais diversos ramos do conhecimento humano, retratados com maior realismo. O exercc̕io da atividade normativa pelas agn̊cias ̌comum em vr̀ios pas̕es ocidentais, assim como o exercc̕io de controle sobre tal atividade. Desta forma, a obra se torna ainda mais importante para os profissionais da r̀ea.O conted︢o deste livro ̌direcionado a profissionais de agn̊cias reguladoras (especialistas em regulaȯ̂ e dirigentes): advogados pb︢licos, primordialmente federais e estaduais e advogados com atuaȯ̂ perante agn̊cias reguladoras ou em matřia regulatr̤ia, e acadm̊icos interessados em Direito Administrativo, Direito Econm̥ico ou Direito Regulatr̤io. 
506 1 |a Disponible solo en los productos indicados  |d vLex Global  |d vLex Global (Academic Edition, excluding Law Schools)  |d vLex Global (U.S. Academic Edition, Law Schools)  |d vLex Global (U.S. Academic Edition, excluding Law Schools)  |d vLex Global (Academic Edition, Law Schools) 
650 0 4 |a Derecho Pb︢lico y Administrativo  |z Brasil 
740 0 |a vLex Libros (Servicio en ln̕ea) 
856 4 0 |u http://vlex.com/source/controle-da-atividade-normativa-das-ag-ncias-reguladoras-24128  |z Acceso restringido 
942 |c BOOK 
999 0 |a Public and Administrative Law